[Event "Linares 15th"]
[Site "Linares"]
[Date "1998.02.27"]
[Round "6"]
[White "Kramnik, Vladimir"]
[Black "Kasparov, Garry"]
[Result "1/2-1/2"]
[WhiteElo "2790"]
[BlackElo "2825"]
[Annotator "ChessBase"]
[PlyCount "51"]
[EventDate "1998.02.22"]
[EventType "tourn"]
[EventRounds "12"]
[EventCountry "ESP"]
[EventCategory "21"]
[SourceTitle "CBM 064"]
[Source "ChessBase"]
[SourceDate "1998.06.02"]
[SourceVersion "1"]
[SourceVersionDate "1998.06.02"]
[SourceQuality "1"]

1. Nf3 c5 2. c4 Nf6 3. Nc3 d5 4. cxd5 Nxd5 5. d4 Nxc3 6. bxc3 g6 7. e4 Bg7 8.
Rb1 O-O 9. Be2 cxd4 10. cxd4 Qa5+ 11. Bd2 Qxa2 12. O-O Bg4 13. Bg5 h6 14. Be3
Nc6 15. d5 Ne5 16. Rxb7 e6 17. Re1 Bxf3 18. gxf3 Rfd8 19. d6 Qa5 {Ftacnik:
Black is solving his opening problems with the help of the unprotected
position of Re1.} 20. Rf1 $146 (20. Bd2 Qa2 21. Be3 Qa5 22. Bd2 Qa2 23. Be3 {
1/2-1/2 Lautier,J-Illescas Cordoba,M/Hoogovens 1997/CBM 57 [Ftacnik]}) 20...
Bf8 (20... Qa3 {Ftacnik} 21. f4 $1 Rxd6 22. Qc1) (20... g5 {Ftacnik Avrukh,B}
21. f4 gxf4 (21... Ng6 $2 22. f5 $1 exf5 23. Qb3 Ne5 24. Rb5 $18) 22. Bxf4 Rab8
(22... Qa3 23. d7 $16) 23. Rxb8 Rxb8 24. Qc1 $1 $16) (20... Rd7 {Ftacnik} 21.
Rxd7 (21. Rb5 $2 Qd8 22. Bc5 Qh4 $40) 21... Nxd7 22. Qc1 $1 $16) 21. d7 (21.
Rb5 Qa2 (21... Nxf3+ {Ftacnik} 22. Kh1 $18) 22. Rxe5 Bxd6 $19) 21... Qa2 $1 {
/\22... R:d7; ץe2} 22. Re1 (22. Bb5 {Ftacnik} a6 23. f4 axb5 24. fxe5 Qa6 25.
Rc7 $13) 22... Qa5 $1 23. Rf1 (23. Kf1 $2 Nxf3 24. Bxf3 Qa6+) (23. Bd2 {Ftacnik
} Qc5 $15) 23... Qa2 24. Bb5 a6 $8 25. Bd4 (25. Ba4 Nxf3+ 26. Kg2 Nh4+ $13 {
Dokhoian}) 25... Bg7 $8 26. Bxe5 $11 1/2-1/2

[Event "Linares 15th"]
[Site "Linares"]
[Date "1998.03.01"]
[Round "7"]
[White "Anand, Viswanathan"]
[Black "Kramnik, Vladimir"]
[Result "1/2-1/2"]
[WhiteElo "2770"]
[BlackElo "2790"]
[Annotator "Rogozenco,D"]
[PlyCount "56"]
[EventDate "1998.02.22"]
[EventType "tourn"]
[EventRounds "12"]
[EventCountry "ESP"]
[EventCategory "21"]
[SourceTitle "CBM 064"]
[Source "ChessBase"]
[SourceDate "1998.06.02"]
[SourceVersion "1"]
[SourceVersionDate "1998.06.02"]
[SourceQuality "1"]

1. e4 {Manor,I} c5 2. Nf3 Nc6 3. d4 cxd4 4. Nxd4 Nf6 5. Nc3 e5 6. Ndb5 d6 7.
Bg5 a6 8. Na3 b5 9. Bxf6 gxf6 10. Nd5 f5 11. c3 Bg7 (11... fxe4 $2 {Manor,I}
12. Bxb5 $1 axb5 13. Nxb5 $16) 12. exf5 Bxf5 13. Nc2 O-O (13... Be6 14. g3 $1 (
14. Nce3 Ne7 15. g3 Nxd5 16. Nxd5 O-O $11) 14... O-O 15. Bg2 $14) 14. Nce3 Be6
15. Bd3 f5 16. O-O (16. Bc2 Kh8 (16... Ne7 $2 17. Nxe7+ Qxe7 18. Bxf5 $1) 17.
Qh5 e4 18. Rd1 Ne5 19. O-O Bf7 20. Qh3 Qg5 $13 {Martin Gonzales - Komarov,
Benasque, 1995}) 16... e4 (16... Rb8 $5 17. Qh5 Qd7 $13 {David-Manor, Bikurei
Haitim, 1997}) (16... Ra7 {Manor,I} 17. Qh5 Raf7 (17... e4 18. Bc2 Qe8 19. Qxe8
Rxe8 20. f3 exf3 21. Rxf3 Ne5 22. Rg3 Rf7 23. Nf4 Nc4 24. Nxe6 Rxe6 25. Nxf5
Nxb2 26. Rf1 Nc4 27. h4 Rg6 28. Rgf3 Nd2 29. Bb3 Nxb3 30. axb3 Rc7 31. h5 Rg5
32. h6 Rxf5 33. Rxf5 Bxh6 34. R1f3 Bg7 35. Rg5 Kh8 36. Kf1 Rxc3 37. Rxc3 Bxc3
$11 {Ivanchuk-Kramnik, London, PCA,1994}) 18. g4 e4 19. Bc2 fxg4 20. Bxe4 Be5
21. Qh6 Kh8 22. Kh1 Bxd5 23. Nxd5 Ne7 $11 {Svidler ,P- Kramnik, Linares, 1998})
(16... Ne7 {Manor,I} 17. Nxe7+ Qxe7 18. Bc2 Rac8 19. Bb3 Kh8 20. Bxe6 Qxe6 21.
Qb3 Qg6 22. Nd5 Rc4 23. f4 Bh6 24. Qc2 exf4 25. Rf2 Re8 26. Raf1 Rce4 27. Qd3
R8e5 28. Nxf4 {Lutz-Salai, Erevan olm, 1996}) 17. Nf4 (17. Bc2 $2 f4 18. Bxe4
fxe3 19. Qh5 exf2+ 20. Kh1 (20. Rxf2 {Manor,I} Rxf2 21. Qxh7+ Kf8 22. Kxf2 Ra7
23. Kg1 Rf7 $17) 20... Rf7 $19 {Bestagno-Kuntz, Cagnes, 1989}) 17... Bf7 18.
Bc2 Be5 19. Nfd5 Qg5 (19... f4 {Manor,I} 20. Qg4+ (20. Nf5 $2 Bg6) 20... Bg6
21. Bxe4 fxe3 22. Bxg6 exf2+ (22... hxg6 23. Qxg6+ Bg7 24. fxe3 $13 (24. Nxe3
$13) (24. Qe6+ $13)) 23. Rxf2 hxg6 24. Qxg6+ Bg7 25. Raf1 $13) 20. f4 exf3 21.
Qxf3 Bh5 22. Qf2 (22. Qh3 f4 23. Nc7 $1 {Kramnik} (23. Qd7 Ra7 24. Qxc6 fxe3
25. Rxf8+ Kxf8 26. Qb6 Bxh2+ 27. Kxh2 Qh4+ 28. Kg1 Qf2+ $11) 23... fxe3 24.
Nxa8 Rxf1+ 25. Rxf1 $16) 22... f4 23. h4 Qd8 24. Nf5 Bg6 25. Nd4 (25. Nh6+ {
Manor,I} Kg7 26. Bxg6 hxg6 27. Ng4 $13) 25... Nxd4 (25... Bxc2 {Manor,I} 26.
Nxc2 (26. Ne6 Qc8 27. Nxf8 Bf5 (27... Be4 $2 28. Nf6+ Bxf6 29. Qxf4 Qxf8 30.
Qxe4 Rc8 31. Qe6+ Kg7 32. Rxf6 $18) 28. Nxh7 Bxh7 29. Nxf4 Qg4 $17) 26... Ne7
27. Nxe7+ Qxe7 $13 28. Nd4) 26. cxd4 $6 (26. Bxg6 Ne6 (26... Nf5 27. Bxf5 Rxf5
$14) 27. Be4 $14) 26... Bxc2 (26... Bxd4 $2 {Manor,I} 27. Qxd4 Bxc2 28. Rxf4
$16) 27. dxe5 dxe5 28. Qc5 Rf7 $15 (28... Rc8 $2 {Manor,I} 29. Ne7+) (28... Bg6
$2 {Manor,I} 29. Ne7+) (28... Rf7 {Manor,I} 29. Nb4 (29. Nxf4 exf4 30. Qxc2
Qxh4 $15) 29... Bg6 30. Qxe5 (30. Nc6 Qc7 $1 31. Rac1 Re8 $17) 30... Qxh4 31.
Nd5 Raf8 32. Rae1 $44) 1/2-1/2

[Event "Linares 15th"]
[Site "Linares"]
[Date "1998.03.02"]
[Round "8"]
[White "Ivanchuk, Vassily"]
[Black "Kramnik, Vladimir"]
[Result "1/2-1/2"]
[WhiteElo "2740"]
[BlackElo "2790"]
[Annotator "Gofshtein,L"]
[PlyCount "148"]
[EventDate "1998.02.22"]
[EventType "tourn"]
[EventRounds "12"]
[EventCountry "ESP"]
[EventCategory "21"]
[SourceTitle "CBM 064"]
[Source "ChessBase"]
[SourceDate "1998.06.02"]
[SourceVersion "1"]
[SourceVersionDate "1998.06.02"]
[SourceQuality "1"]

1. e4 c5 2. Nf3 Nc6 3. d4 cxd4 4. Nxd4 Nf6 5. Nc3 d6 6. Bc4 Qb6 7. Ndb5 a6 (
7... Bg4 8. f3 Bd7 9. Qe2 a6 10. Be3 Qa5 11. Nd4 b5 12. Bb3 e6 13. O-O-O b4 14.
Nb1 (14. Nd5 $5 exd5 15. exd5 Nxd4 16. Bxd4+ Kd8 $13 {Kramnik}) 14... Be7 $13 {
Topalov-Kramnik 1996,Dos Hermanas}) 8. Be3 Qd8 (8... Qa5 9. Nd4 Ne5 (9... Nxe4
$6 10. Qf3 f5 (10... Nxc3 $2 11. Nxc6 $18) 11. Nxc6 bxc6 12. O-O-O d5 13. Nxd5
$1 cxd5 14. Bxd5 Rb8 15. Bc6+ Kf7 16. Bxe4 e6 17. Rd5 $1 $16 {Bednarskij-Minev,
Bern 1975}) 10. Nb3 Qc7 11. Be2 e6 12. f4 Nc6 $132 {Christiansen-Yermolinsky,
USA 1997}) 9. Nd4 Ng4 (9... e6 10. Bb3 Qc7 11. f4 Be7 12. Qf3 O-O 13. O-O Nxd4
14. Bxd4 b5 15. e5 dxe5 16. fxe5 Nd7 $13 {Movsziszian K-LernerK,1997 Germany})
10. Nxc6 (10. O-O Nce5 11. Bb3 Nxe3 12. fxe3 g6 $2 (12... e6) 13. Nf3 Nxf3+ 14.
Qxf3 Be6 15. Ba4+ $18 {Velimirovic-Vukovic,Belgrade 1988}) 10... bxc6 11. Qf3 (
11. Bf4 e5 12. Bg3 Be7 13. Qe2 O-O 14. O-O $14 {Ginsburg-Shmuter,1990
Simferopol}) (11. Bg5 Qb6 $6 (11... h6 12. Bh4 Ne5 13. Bb3 g5 14. Bg3 Bg7 $13)
12. Qd2 h6 13. Bh4 Qxb2 14. Rb1 Qa3 15. Nd5 $1 $14 {Tompa-Csom,Budapest 1976})
(11. Bd2 g6 12. h3 Nf6 13. Bg5 Bg7 14. Qd2 O-O 15. O-O-O Qb6 16. Rhe1 Rb8 $132
{De Firmian-Polgar.S,1995 Bermuda}) 11... Ne5 12. Qe2 e6 $146 (12... g6 13. f4
Nxc4 14. Qxc4 Bg7 15. Bd4 Bxd4 16. Qxd4 O-O $14 {Todorovic-Vykovic Kladovo 1990
}) 13. O-O-O Be7 (13... Nxc4 $6 14. Qxc4 $36) 14. Bd4 (14. Bb3 $5 a5 15. f4 Ba6
16. Qd2 $13) 14... Qc7 15. Bxe5 dxe5 16. Na4 O-O 17. Rd3 Qa5 18. b3 Rb8 19. Qd2
Qxd2+ 20. Kxd2 g6 21. Rd1 Kg7 22. Ke2 a5 23. Rc3 Bb4 24. Rcd3 Be7 25. g3 h5 26.
h4 {White coudnot impruve his pozition} f5 $6 27. Rc3 Bb4 28. Re3 Kf6 29. f4
exf4 30. e5+ $5 (30. gxf4 $5 $14) 30... Kf7 31. gxf4 Be7 32. Red3 $1 (32. Rh3
Rd8 33. Rxd8 Bxd8 $132) 32... Bxh4 33. Nc5 Be7 34. Rd6 $1 Bxd6 35. exd6 $16 Rd8
36. d7 Ke7 37. dxc8=N+ Rbxc8 38. Rxd8 $6 (38. Rg1 $5 Kf6 39. Nxe6 $16) 38...
Rxd8 39. Nxe6 Rh8 40. Ng5 (40. Kf3 h4 41. Kg2 h3+ 42. Kh2 Rh4 $132) 40... h4
41. Nh3 Kf6 42. Kf2 Rd8 43. Bd3 $14 a4 $5 44. Ng5 (44. bxa4 Ra8) 44... a3 $1 (
44... axb3 45. axb3 $16) 45. Nf3 c5 $5 46. Ng5 Rd4 47. Kf3 Rd7 48. Ke3 Rd8 49.
Nf3 Re8+ 50. Kf2 Rd8 51. Nxh4 {[%csl Yb2,Yd2][%cal Yc5c4]} c4 $3 52. bxc4 (52.
Bxc4 Rd2+) 52... Rb8 53. c5 Rb2 54. c6 Ke7 $8 55. Nxg6+ Kd6 56. Ne5 Rxa2 57.
Nc4+ Kc7 (57... Kxc6 $11) 58. Kg3 (58. Bxf5 $4 Rxc2+ $1 $19) 58... Ra1 (58...
Rxc2 $2 59. Nxa3 Rc3 $2 60. Nb5+) 59. Nxa3 Rxa3 60. Kh4 Kxc6 61. Kg5 $11 Ra5
62. Bxf5 Kd6 63. Kg4 Ke7 64. Bd3 Rc5 65. Kf3 Kd6 66. Ke4 Rh5 67. c4 Rh4 68. Kf5
Kc5 69. Ke5 Rh3 70. Ke4 Rh4 71. Be2 Rh2 72. Kf3 Kd4 73. Bf1 Rh1 74. Kf2 Rh8
1/2-1/2

[Event "Linares 15th"]
[Site "Linares"]
[Date "1998.03.03"]
[Round "9"]
[White "Kramnik, Vladimir"]
[Black "Topalov, Veselin"]
[Result "1/2-1/2"]
[WhiteElo "2790"]
[BlackElo "2740"]
[Annotator "Hansen,Cu"]
[PlyCount "110"]
[EventDate "1998.02.22"]
[EventType "tourn"]
[EventRounds "12"]
[EventCountry "ESP"]
[EventCategory "21"]
[SourceTitle "CBM 064"]
[Source "ChessBase"]
[SourceDate "1998.06.02"]
[SourceVersion "1"]
[SourceVersionDate "1998.06.02"]
[SourceQuality "1"]

1. Nf3 {Ftacnik} Nf6 2. c4 c5 3. Nc3 d5 4. cxd5 Nxd5 5. d4 Nxc3 6. bxc3 g6 7.
e4 Bg7 8. Rb1 O-O 9. Be2 cxd4 10. cxd4 Qa5+ 11. Bd2 Qxa2 12. O-O Bg4 13. Be3
Nc6 14. d5 Bxf3 (14... Ne5 {Ftacnik} 15. Rxb7 Rfb8 16. Rxe7 Rb2 17. Bd4 Rxe2
18. Bxe5 Bxf3 19. gxf3 Bxe5 20. Rxe5 $16) 15. Bxf3 Ne5 (15... Na5 {Ftacnik})
16. Be2 (16. Rxb7 {Ftacnik} a5 (16... e6 $5 17. dxe6 (17. Be2 exd5 18. exd5
Rfd8 19. d6 Qe6 20. Bc5 Bf8) (17. d6 Qa6 18. Rc7 Nxf3+ 19. gxf3 Be5 20. Bc5
Rfd8) 17... Qxe6 18. Rxa7 Nxf3+ 19. Qxf3 (19. gxf3 Rxa7 20. Bxa7) 19... Rxa7
20. Bxa7 Re8 21. Re1 f5 22. Qe3 fxe4 23. f3 {1/2-1/2 Chernin,A-Azmaiparashvili,
Z/Vidmar mem12th/1997/ (30)}) 17. Rxe7 a4 18. Bd4 Nxf3+ 19. gxf3 Bxd4 20. Qxd4
a3 21. Kg2 Qb2 22. Qxb2 axb2 23. Rb1 Rfb8 24. d6 Kf8 {1/2-1/2 Bacrot,
E-Illescas Cordoba,M/Pamplona9798 1998 (39)}) (16. Bc5 {Ftacnik} Bf6 17. Rxb7
Rfb8 18. Bxe7 Rxb7 19. Bxf6 Re8 20. h4 Qa3 21. Bxe5 Rxe5 22. Qd4 Qb2 23. Qc4
Re8 24. Qc6 Qb5 {Krasenkow,M-Azmaiparashvili,Z/Erevan olm/1996/96ch2/0-1 (73)})
16... Nc4 17. Bg5 Nd6 (17... Rfe8 {Ftacnik} 18. Rxb7 Nd6 19. Rb4 a5 20. Ra4 Qb2
21. Bc1 Qb6 22. Be3 Qb2 23. Bc1 Qb6 24. Qd3 {1/2-1/2 Sakaev,K-Notkin,M/RUS-ch
1996/ (31)}) 18. Bxe7 $1 $146 {Gelfand} (18. Bd3 {Ftacnik} Rfe8 19. Re1 e5 (
19... Rad8 $5 20. h3 $5) 20. Bd2 $1 b5 $6 (20... Rec8 21. Bb4 Nc4 22. Be7 $44)
(20... a5 $5 21. Re2 Qa3 22. Be3 $5 $44) 21. Bxb5 Nxb5 22. Rxb5 a5 23. d6 $1 {
><d5} (23. Rb7 a4 24. Qf3 Rf8 $5 25. Bb4 Rab8) 23... Red8 24. Rd5 Rd7 25. Qc1
Bf8 (25... a4 26. Qc6 Rdd8 27. d7 $16) 26. Bg5 $2 (26. Qc3 $1 Rb8 27. Qxe5 Rb1
28. Rf1 $1 {Kramnik,V} Rdb7 29. Bc1 Qc2 30. Rdd1 $16) 26... Qa4 27. Red1 Ra6 $1
$11 {1/2-1/2 Gelfand,B-Illescas Cordoba,M/Dos Hermanas/1997/ (31)}) 18... Nxe4
19. Bf3 $1 $16 {After this move black is in serious trouble} (19. Rb4 {Ftacnik}
Nc3 20. Bc4 Qxc4 $1 $11) 19... Nd2 (19... Nc3 $2 {Ftacnik} 20. Qb3 Qxb3 21.
Rxb3 Rfe8 22. d6 $16) 20. Qe2 (20. Bxf8 {Ftacnik} Bxf8 21. Rxb7 Nxf1 22. Qxf1 (
22. d6 Nd2) 22... Bd6 $11) 20... Rfe8 (20... Nxf3+ {Ftacnik} 21. Qxf3 Rfb8 22.
d6 b6 23. Qe4 f5 24. Qf3 Qe6 25. Rfe1 Qd7 26. Qd5+ Kh8 $13) 21. d6 {White must
be better due to the dangerous pawn on d6. Black can claim counterplay with a
pawn, but the proximity to the promotion square plays an important role.} (21.
Rxb7 {Ftacnik} Qa5 22. Rd1 Rab8 23. Rxb8 Nxf3+ 24. Qxf3 Rxb8 25. d6 Qe5 26. Qe3
$1 $16) 21... Nxf3+ 22. Qxf3 Bf8 (22... Rab8 {Ftacnik} 23. Rxb7 Rxb7 24. Qxb7
Bf8 25. Qc6 Rb8 26. d7 Bxe7 27. Qc8+ $14) 23. Rxb7 a5 (23... Bxe7 24. Rxe7 Rxe7
$2 25. Qxa8+ $18) 24. h4 (24. Bxf8 {Ftacnik} Rxf8 25. Re7 Rae8 26. Rfe1 Qa4 27.
Qf6 Qc6 $13) 24... a4 25. Rd1 (25. Bxf8 {Ftacnik} Rxf8 26. d7 Qe6 $11) 25...
Qe6 26. Bg5 (26. d7 {Ftacnik} Rxe7 27. d8=Q Rxd8 28. Rxd8 Rxb7 29. Qxb7 Qe1+
30. Kh2 Qe5+ 31. g3 Qf6 32. Rd2 a3 $11) 26... h6 27. d7 (27. Bf4 {Ftacnik} Red8
28. d7 a3 $132) 27... hxg5 28. dxe8=Q Rxe8 29. hxg5 a3 30. g3 $1 {A very good
move. White moves his K away from the first rank, so the a-pawn will never
queen with check. This means the following tactics should have worked in
whites favour Strange slip of attention, white must be better if he can stop
the march of black's a pawn.} (30. Ra7 $1 {Ftacnik} Bc5 (30... Be7 31. Qc3 Rc8
32. Qe1 Qxe1+ 33. Rxe1 Bc5 34. Rd7 $14) (30... a2 $2 31. Ra1 Qe1+ 32. Rxe1
Rxe1+ 33. Kh2 a1=Q 34. Qxf7+ Kh8 35. Qxf8#) 31. Ra5 Qb6 32. Ra8 Rxa8 33. Qxa8+
Kg7 34. Qf3 $16) 30... a2 31. Kg2 (31. Ra7 {Ftacnik} Bg7 32. Ra8 a1=Q 33. Rdxa1
Bxa1 34. Rxa1 $14) 31... Rd8 32. Re1 $2 {The obvious but not the best move} (
32. Ra7 $1 {After this move I believe that black - if he plays very precise -
can get whites g5-P for the a2-P but even that should not be enough to draw}
Rxd1 33. Qxd1 Qe4+ (33... Bg7 $2 34. Ra8+ Kh7 35. Qh1+ {Another positive
side-effect of the manouvre g2-g3 and Kg1-g2}) 34. Qf3 Qe6 35. Qa8 $18 {
and white has achieved his ideal position. He controls the /^ a8-h1 and has Q
and R behind the a2-P}) (32. Rxd8 {Ftacnik} a1=Q 33. Rbb8 Qe7 (33... Qg7 $6)
34. Qd5 $11) 32... Qc4 (32... Qxe1 $4 {Ftacnik} 33. Qxf7+ Kh8 34. Qh7#) 33. Ra7
Rd3 $1 {Now blacks R is very active. White has great problems coordinating the
defence of f2 with winning or neutralising the a2-P} 34. Qa8 Rd2 {[%cal Yd2f2,
Gd2a2]} 35. Qf3 (35. Re8 {Ftacnik} Qc5 36. Rxf8+ Qxf8 37. Rxa2 Qxa8+ 38. Rxa8+
Kg7 $11) 35... Rd3 36. Qa8 Rd2 37. Ra4 $2 (37. Re4 $145 Qc5 38. Rf4 $18) 37...
Qc5 38. Rf1 Qc2 39. Ra7 Qb3 40. Qf3 $2 (40. Qe8 {Ftacnik} Qd5+ 41. Kg1 Rb2 42.
Ra8 Qc5 $14) (40. Rc7 $142 Qa3 41. Rc8 Qxa8+ 42. Rxa8 $18 {Kramnik}) 40...
Qxf3+ 41. Kxf3 Bc5 (41... Bg7 $2 {Ftacnik} 42. Ra8+ Bf8 43. Ra1 $18) 42. Ra8+
Kg7 43. Ra1 (43. Ke4 {Ftacnik} Bxf2 44. Ra1 Bxg3 45. R1xa2 Rxa2 46. Rxa2 Bd6
47. Ra7 Kf8 $11) (43. Kg2 {Ftacnik} Bd4 $11) 43... Rxf2+ 44. Kg4 Rd2 {Ftacnik:
The drawing idea becomes clear, white g5 pawn is too weak.} 45. Ra4 (45. R1xa2
{Ftacnik} Rd4+ 46. Kf3 Rd5 47. Kf4 Be7 $11) 45... Bb6 46. R1xa2 Rd5 47. Kh4 Bd8
48. Rg4 Rd1 49. Rh2 (49. Kh3 {Ftacnik} Rd5 $11) 49... Kg8 50. Re4 Rd5 51. Re8+
Kg7 52. Rb2 Bxg5+ 53. Kg4 Rd4+ 54. Kh3 (54. Kxg5 $4 {Ftacnik} f6#) 54... Rd7
55. Rbb8 Bf6 (55... Bf6 {Ftacnik} 56. Rh8 Be5 $11) 1/2-1/2